<?xml version="1.0" encoding="UTF-8"?>
<marc:record xmlns:marc="http://www.loc.gov/MARC21/slim">
   <marc:leader>00000nam a2200000 a 4500</marc:leader>
   <marc:datafield ind1="1" ind2=" " tag="100">
      <marc:subfield code="a">Fischler, Joe</marc:subfield>
      <marc:subfield code="4">aut</marc:subfield>
      <marc:subfield code="e">Verfasser/-in</marc:subfield>
   </marc:datafield>
   <marc:datafield ind1="0" ind2="0" tag="245">
      <marc:subfield code="a">Veilchens Rausch</marc:subfield>
   </marc:datafield>
   <marc:datafield ind1="0" ind2="0" tag="245">
      <marc:subfield code="b">ein Fall für Valerie Mauser ; Alpenkrimi</marc:subfield>
   </marc:datafield>
   <marc:datafield ind1="0" ind2="0" tag="245">
      <marc:subfield code="c">Fischler, Joe</marc:subfield>
   </marc:datafield>
   <marc:datafield ind1=" " ind2="1" tag="264">
      <marc:subfield code="a">Innsbruck ; Wien</marc:subfield>
      <marc:subfield code="b">Haymon Verlag</marc:subfield>
      <marc:subfield code="c">2017</marc:subfield>
   </marc:datafield>
   <marc:datafield ind1="1" ind2=" " tag="490">
      <marc:subfield code="a">Valerie Mauser</marc:subfield>
   </marc:datafield>
   <marc:datafield ind1=" " ind2=" " tag="250">
      <marc:subfield code="a">Originalausgabe</marc:subfield>
   </marc:datafield>
   <marc:datafield ind1="1" ind2=" " tag="520">
      <marc:subfield code="a">Auf der Alm gibt¿s doch a Sünd: Nach einer rauschhaften Feier auf der Innsbrucker Umbrüggler Alm wird eine Kellnerin tot im Wald aufgefunden. Zunächst deutet alles auf einen tragischen Unfall hin. Doch der Wirt will beobachtet haben, wie sich der Landeshauptmann mit dem Opfer gestritten hat ... Aber wieso hätte ausgerechnet der liebe Herr Freudenschuss die Kellnerin umbringen sollen? Hat sie etwas über den Landesvater gewusst, das nicht an die Öffentlichkeit dringen sollte? Als sich herausstellt, dass die Frau tatsächlich ermordet wurde, schweigt das heimische Tagblatt hartnäckig - und niemand will von unlauteren Machenschaften wissen. Dabei ist offenkundig, dass es hinter den Kulissen nicht mit rechten Dingen zugeht. Ein klarer Fall für die LKA-Polizistin Valerie Mauser und ihren bärigen Kollegen Stolwerk, die auf falsche Alibis, verschlossene Türen, ein prall gefülltes Wespennest aus Geld- und Freunderlwirtschaft und letztlich auf ungeahnte Abgründe stoßen...</marc:subfield>
   </marc:datafield>
   <marc:datafield ind1=" " ind2=" " tag="020">
      <marc:subfield code="a">9783709978894</marc:subfield>
      <marc:subfield code="9">9783709978894</marc:subfield>
   </marc:datafield>
   <marc:datafield ind1=" " ind2=" " tag="020">
      <marc:subfield code="a">3709978890</marc:subfield>
      <marc:subfield code="9">3709978890</marc:subfield>
   </marc:datafield>
   <marc:datafield ind1=" " ind2=" " tag="041">
      <marc:subfield code="a">ger</marc:subfield>
   </marc:datafield>
   <marc:datafield ind1=" " ind2=" " tag="338">
      <marc:subfield code="a">Band</marc:subfield>
   </marc:datafield>
   <marc:datafield ind1=" " ind2=" " tag="300">
      <marc:subfield code="a">320 Seiten</marc:subfield>
   </marc:datafield>
</marc:record>
